Nagybárdú Botond a hires [!híres] magyar vezér históriája /
Elmentve itt :
| Szerző: | |
|---|---|
| Dokumentumtípus: | Cikk |
| Megjelent: |
1887
|
| Sorozat: | Kolligátum
|
| Kulcsszavak: | Magyar irodalom - verses mese |
| Online Access: | http://misc.bibl.u-szeged.hu/26884 |
| LEADER | 00571nab a2200169 i 4500 | ||
|---|---|---|---|
| 001 | misc26884 | ||
| 005 | 20191111110644.0 | ||
| 008 | 171021s1887 hu o 0|| zxx d | ||
| 040 | |a SZTE Miscellanea Repozitórium |b hun | ||
| 041 | |a zxx | ||
| 100 | 1 | |a Dengi János | |
| 245 | 1 | 0 | |a Nagybárdú Botond |h [elektronikus dokumentum] : |b a hires [!híres] magyar vezér históriája / |c Dengi János |
| 260 | |c 1887 | ||
| 300 | |a 1-16 | ||
| 490 | 0 | |a Kolligátum | |
| 695 | |a Magyar irodalom - verses mese | ||
| 856 | 4 | 0 | |u http://misc.bibl.u-szeged.hu/26884/1/019_019_001-016e.pdf |z Dokumentum-elérés |